000 00738nam a22002057a 4500
999 _c10710
_d10710
003 AR-CdUCM
008 190401b ||||| |||| 00| 0 spa d
040 _aMUNICIPALIDAD PROVINCIAL DEL CUSCO
_cBIBLIOTECA MUNICIPAL DEL CUSCO
082 _a657 /
_bC33 / 1899
100 _aOliver CastaƱer, Emilio
_927708
245 _aPracticas de Calculo Comercial /
260 _aBarcelona :
_bLuis Casso,
_c1899.
300 _atomos :
_bilustraciones, graficos, dibujos,
_c27 cm.
505 _aContenido: contabilidad -- sociedades -- tanto por ciento -- calculos sobre ganancias y perdidas -- dividendos...
650 _aContabilidad
_910543
650 _aCalculo
_918765
650 _aComercial
_927292
942 _2ddc
_cLIBROS
945 _apjha